000 00430nab a2200145Ia 4500
003 ES-SlBCS
005 20210601131741.0
008 140529s1932 xxu||||| |||| 00| 0 fre d
041 _afre
100 1 _aWard, Maisie
_9188566
245 0 0 _aEn Angleterre: le nouvel Institut Catholique
_c Maisie Ward
651 4 _aInglaterra
_9153208
773 0 _tVie Intelectuelle (La)
_gvol. 17, nº. 1, 1932, págs. 36-39
_wRev907
942 _cAR
999 _c568172
_d568172